|
|
|
|
| LEADER |
00000cam a2200000 4500 |
| 001 |
vtls012075887 |
| 003 |
SK-MaSNL |
| 005 |
20260301054830.0 |
| 008 |
211103s2020 xxuoa f n 101 0 eng |
| 015 |
|
|
|a SNBZSA2023/08
|
| 020 |
|
|
|a 9780367435486
|q (viazané)
|
| 040 |
|
|
|a SNK
|b slo
|c SNK
|e rda
|
| 041 |
0 |
|
|a eng
|
| 044 |
|
|
|a xxu
|c US
|a xxk
|c GB
|
| 072 |
|
7 |
|a 72
|x Architektúra
|2 konspekt
|
| 072 |
|
7 |
|a 699.8
|x Ochrana budov
|2 konspekt
|
| 080 |
|
|
|a 7.025.3/.4
|2 2011
|
| 080 |
|
|
|a 721:904
|2 2011
|
| 080 |
|
|
|a 699.8
|2 2011
|
| 080 |
|
|
|a (048.8)
|2 2011
|
| 080 |
|
|
|a (062.534)
|2 2011
|
| 111 |
2 |
|
|a International WTA-PRECOM³OS Conference on Preventive Conservation
|d (2019 :
|c Louvain, Belgicko)
|9 367498
|
| 245 |
1 |
0 |
|a Preventive conservation
|b from climate and damage monitoring to a systemic and integrated approach : proceedings of the International WTA-PRECOM³OS Symposium, Leuven, Belgium, April 3-5, 2019
|c edited by Aziliz Vandesande, Els Verstrynge, Koen Van Balen
|
| 264 |
|
1 |
|a Boca Raton
|a London
|a New York
|b CRC Press, Taylor & Francis Group
|c [2020]
|
| 264 |
|
4 |
|c ©2020
|
| 300 |
|
|
|a vii, 153 strán
|b fotografie, grafy, ilustrácie, tabuľky
|c 26 cm
|
| 336 |
|
|
|a text
|b txt
|2 rdacontent
|
| 337 |
|
|
|a bez média
|b n
|2 rdamedia
|
| 338 |
|
|
|a zväzok
|b nc
|2 rdacarrier
|
| 490 |
1 |
|
|a Reflections on cultural heritage theories and practices
|v Volume 5
|
| 504 |
|
|
|a Obsahuje bibliografiu za jednotlivými kapitolami a menný register
|
| 650 |
0 |
7 |
|a obnova a rekonštrukcia pamiatok
|2 SNKPH
|9 91110
|
| 650 |
0 |
7 |
|a Renewal and reconstruction of monuments
|2 SNKPHeng
|9 265904
|
| 650 |
0 |
7 |
|a historické budovy
|2 SNKPH
|9 31778
|
| 650 |
0 |
7 |
|a Historic buildings
|2 SNKPHeng
|9 303329
|
| 650 |
0 |
7 |
|a ochrana budov
|2 SNKPH
|9 4160
|
| 650 |
0 |
7 |
|a Buildings Protection
|2 SNKPHeng
|9 351225
|
| 655 |
|
7 |
|a štúdie
|2 SNKPH
|9 57033
|
| 655 |
|
7 |
|a zborníky konferencií
|2 SNKPH
|9 70153
|
| 655 |
|
7 |
|a Studies
|2 SNKPHeng
|9 265573
|
| 655 |
|
7 |
|a Proceedings of conferences
|2 SNKPHeng
|9 265791
|
| 700 |
1 |
|
|a Vandesande, Aziliz
|4 edt
|9 367499
|
| 700 |
1 |
|
|a Verstrynge, Els
|4 edt
|9 367500
|
| 700 |
1 |
|
|a Balen, Koen Van
|4 edt
|9 367501
|
| 830 |
|
0 |
|a Reflections on cultural heritage theories and practices
|9 367502
|
| 852 |
|
|
|a Slovenská národná knižnica
|
| 919 |
|
|
|a 978-0-367-43548-6
|
| 954 |
|
|
|a odborná, vedecká literatúra cudzojazyčná (svetová)
|2 lita
|
| 954 |
|
|
|a odborná, vedecká literatúra pôvodná (slovenská)
|2 lita
|
| 958 |
|
|
|a ZS
|
| 958 |
|
|
|a NB
|
| 999 |
|
|
|c 611901
|d 613831
|
| 952 |
|
|
|a SNK
|b SNK
|y PREZ
|7 0
|p 17A1492897
|o snkSB 98385
|i snk2022/13150
|8 4
|g 97.44
|0 0
|1 0
|4 0
|d 2021-11-03
|f 1
|l 0
|r 2025-05-19 00:00:00
|w 2026-02-23
|